Handbook of metal biotechnology : (Record no. 104665)
[ view plain ]
| 000 -CABECERA | |
|---|---|
| campo de control de longitud fija | 01015nam a2200313 a 4500 |
| 001 - NÚMERO DE CONTROL | |
| campo de control | 000108203 |
| 003 - IDENTIFICADOR DEL NÚMERO DE CONTROL | |
| campo de control | CHAP |
| 005 - FECHA Y HORA DE LA ÚLTIMA TRANSACCIÓN | |
| campo de control | 20220329144003.0 |
| 008 - DATOS DE LONGITUD FIJA--INFORMACIÓN GENERAL | |
| campo de control de longitud fija | 131217s2012 caua |r| ||1|||eng d |
| 010 ## - NÚMERO DE CONTROL DE LA BIBLIOTECA DEL CONGRESO | |
| Número de control de LC | 104665 |
| 011 ## - ENLACE DEL NUMERO DE CONTROL DE LA BIBLIOTECA DEL CONGRESO [OBSOLETO] | |
| Número de control de LC | 105637 |
| 020 ## - NÚMERO INTERNACIONAL ESTÁNDAR DEL LIBRO | |
| Número Internacional Estándar del Libro | 9789814267984 |
| 040 ## - FUENTE DE LA CATALOGACIÓN | |
| Centro/agencia transcriptor | CHAP |
| 082 04 - NÚMERO DE LA CLASIFICACIÓN DECIMAL DEWEY | |
| Número de clasificación | 628.5 |
| Número de documento/Ítem | H23 |
| 245 00 - MENCIÓN DE TÍTULO | |
| Título | Handbook of metal biotechnology : |
| Resto del título | aplications for environmental conservation and sustainability / |
| Mención de responsabilidad, etc. | editado por Michihito Ike, Mitsuo Yamashitá y Satoshi Soda. |
| 260 ## - PUBLICACIÓN, DISTRIBUCIÓN, ETC. | |
| Lugar de publicación, distribución, etc. | California : |
| Nombre del editor, distribuidor, etc. | Pan Stanford, |
| Fecha de publicación, distribución, etc. | 2012. |
| 300 ## - DESCRIPCIÓN FÍSICA | |
| Extensión | xii, 231 p. : |
| Otras características físicas | il. |
| 590 ## - NOTA LOCAL (RLIN) | |
| Nota local | E5765TAJ |
| Procedencia (VM) [OBSOLETO] | 05 |
| Condición del los carretes individuales (VM) [OBSOLETO] | 20131217 |
| -- | UCH01 |
| -- | 1449 |
| 590 ## - NOTA LOCAL (RLIN) | |
| Nota local | E5765TAJ |
| Procedencia (VM) [OBSOLETO] | 05 |
| Condición del los carretes individuales (VM) [OBSOLETO] | 20131218 |
| -- | UCH01 |
| -- | 0918 |
| 650 14 - PUNTO DE ACCESO ADICIONAL DE MATERIA--TÉRMINO DE MATERIA | |
| Término de materia o nombre geográfico como elemento de entrada | Metales |
| Subdivisión general | Efecto en el medio ambiente. |
| 9 (RLIN) | 125121 |
| 650 14 - PUNTO DE ACCESO ADICIONAL DE MATERIA--TÉRMINO DE MATERIA | |
| Término de materia o nombre geográfico como elemento de entrada | Metales |
| Subdivisión general | Efecto en suelo. |
| 9 (RLIN) | 125122 |
| 650 14 - PUNTO DE ACCESO ADICIONAL DE MATERIA--TÉRMINO DE MATERIA | |
| Término de materia o nombre geográfico como elemento de entrada | Metales |
| Subdivisión general | Enfecto en agua. |
| 9 (RLIN) | 175541 |
| 700 1# - PUNTO DE ACCESO ADICIONAL--NOMBRE DE PERSONA | |
| Nombre de persona | Ike, Michihiko |
| 9 (RLIN) | 125114 |
| 700 1# - PUNTO DE ACCESO ADICIONAL--NOMBRE DE PERSONA | |
| Nombre de persona | Soda, Satoshi |
| Término indicativo de función/relación | ed. |
| 9 (RLIN) | 125116 |
| 700 1# - PUNTO DE ACCESO ADICIONAL--NOMBRE DE PERSONA | |
| Nombre de persona | Yamashitá, Mitsuo |
| 9 (RLIN) | 125115 |
| 901 ## - ELEMENTOS DE DATOS A LOCAL LDA (RLIN) | |
| a | BK |
| 942 ## - ELEMENTOS DE PUNTO DE ACCESO ADICIONAL (KOHA) | |
| Tipo de ítem Koha | Libro |
| 942 ## - ELEMENTOS DE PUNTO DE ACCESO ADICIONAL (KOHA) | |
| Suprimir en OPAC | 0 |
| Estado de retiro | Estado de pérdida | Fuente del sistema de clasificación o colocación | Estado dañado | Restricciones de uso | No para préstamo | Código de colección | Localización permanente | Ubicación/localización actual | Ubicación en estantería | Fecha de adquisición | Fuente de adquisición | Información codificada de la localización en otra ubicación | Total de préstamos | Signatura topográfica completa | Código de barras | Fecha visto por última vez | Precio válido a partir de | Tipo de ítem Koha | Número de copia |
|---|---|---|---|---|---|---|---|---|---|---|---|---|---|---|---|---|---|---|---|
| Dewey Decimal Classification | Préstamo 15 días | General | Biblioteca Central | Biblioteca Central | Planta principal - Colección General | 18/12/2013 | I.263954 | LIBRO | 628.5 H23 | 33724002393579 | 31/12/2019 | 31/12/2019 | Libro | ||||||
| Dewey Decimal Classification | Préstamo 15 días | General | Biblioteca Central | Biblioteca Central | Planta principal - Colección General | 18/12/2013 | I.263955 | LIBRO | 628.5 H23 | 33724002393538 | 31/12/2019 | 31/12/2019 | Libro | c.2 |
